000 00874nam a22002417a 4500
999 _c21539
_d21539
003 AR-CdUCM
008 190311b ||||| |||| 00| 0 spa d
020 _a9786124146008
040 _aMUNICIPALIDAD PROVINCIAL DEL CUSCO
_cBIBLIOTECA MUNICIPAL DEL CUSCO
082 _a372.4/P599
_bP599
_2tercera
100 _aPinzás G., Juana
_945291
245 _aLeer pensando :
_bintroducción a la visión contemporánea de la lectura /
_cJuana R. Pinzás G
260 _aLima :
_bPontificia Universidad Católica del Perú,
_c2017.
300 _a128 páginas. :
_c21 cm.
500 _zBibliografía: p. [125]-128.
650 _aComprensión de lectura
_93320
650 _aLectura
_92069
650 _aMetodología
_92264
650 _aMetaconocimiento en los niños
_945292
710 _aPontificia Universidad Católica del Perú
_9400
942 _2ddc
_cLIBROS
945 _aRoel